000 00511nam a2200181Ia 4500
005 20250423095229.0
008 250422s9999 xx 000 0 und d
020 _a9780838451946
050 _aPE 1128 .F559/
100 _aFoley, Barbara H.
245 0 _aEnglish in action 2
260 _aBoston
260 _bThomson Heinle
260 _c2003
300 _a246 p
650 _a English language --Textbooks for foreign speakers. English language --Grammar --Problems, exercises, etc.
942 _cBK
999 _c29640
_d29640